Martin /

Salvato in:
Dettagli Bibliografici
Altri autori: Beňadik, Michal (Compilatore)
Natura: Libro
Lingua:slovacco
Pubblicazione: Martin: Osveta, 1984
Edizione:1. vyd.
Tags: Aggiungi Tag
Nessun Tag, puoi essere il primo ad aggiungerne!!

MARC

LEADER 00000nam a22000003a 4500
001 0025328
003 SK-STU
005 20170717104833.0
007 ta
008 170717s ----xo-----e------000-0-----d
040 |a STU  |b slo 
041 0 |a slo  |h slo 
044 |a xo 
100 1 |a Beňadik, Michal  |4 com  |r Z5 
245 1 0 |a Martin /  |c zost. Michal Beňadik 
250 |a 1. vyd. 
260 |a Martin:  |b Osveta,  |c 1984 
500 |a Publikácia vydaná k 700-ročnému jubileu mesta a k 40. výročiu SNP 
996 |b 284V040700  |c V* 52688/O-23845  |l VVT  |s A  |a 24  |w 0025328_0001